000 00943nam a22002175i 4500
001 157928
003 ES-MaACL
005 20250824012600.0
008 990413s1845 sp |||| | spa d
040 _aCCPB | B
_bspa
_cCCPB | B
100 1 _aLombía, Juan.
_9129044
245 1 3 _aEl teatro
_b: origen, índole é importancia de esta institucion en las sociedades cultas ... /
_cpor Juan Lombia.
260 _aMadrid :
_b[s.n.],
_c1545 [i.e. 1845] (
_fImprenta de Sanchiz)
300 _a230 p. ;
_c23 cm.
530 _aDisponible también en sitio web.
596 _aEn la cub. consta el año 1845.
650 7 _aTeatro
_2embne
_917290
852 _aES-MaACL
_jZ-1-F-8
_z-- Sin enc.
_z-- Dedicatoria ms. del autor a Francisco Blanco
_xOlim: 1496-F-6
856 _uhttp://bibliotecadigitalhispanica.bne.es:80/webclient/DeliveryManager?pid=1836866&custom_att_2=simple_viewer
_zIr a la página
999 _c157928
_d157928